000 00834nam a22002297a 4500
005 20260505093233.0
008 260505b |||||||| |||| 00| 0 eng d
040 _cAL
041 _aeng
082 _a294.5
_bVIVS
100 _aVivekananda
_9263260
245 _aSelections from the complete works of Swami Vivekananda
260 _aKolkata
_bAdvaita Ashrama
_c2013
300 _axii,570p
_bPB
_c21x13cm
365 _2Religion
_d₹50.00
520 _aA careful selection of the best articles and letters from the Complete Works of Swami Vivekananda, all gathered in one place. A collection of his lectures, discources, interviews, writtings, letters, and poems,
650 _aKarma Yoga
_9263255
650 _aBuddha
_9263256
650 _aSages of India
_9263257
650 _aVedanta Philosophy
_9263258
942 _2ddc
_cBK
999 _c241389
_d241389